[Event "FIDE WCC Blitz Women 2019"]
[Site "Moscow"]
[Date "2019.12.29"]
[Round "5.21"]
[White "Bulmaga, Irina"]
[Black "Charochkina, Daria"]
[Result "1/2-1/2"]
[WhiteElo "2308"]
[BlackElo "2212"]
[Annotator "NA"]
[PlyCount "176"]
[EventDate "2019.12.29"]
[EventType "swiss"]
[EventCountry "RUS"]
[SourceTitle "playchess.com"]
[Source "ChessBase"]
[SourceQuality "1"]

1. e4 c5 2. Be2 Nc6 3. f4 g6 4. Nf3 Bg7 5. O-O e6 6. c3 Nge7 7. d4 cxd4 8. cxd4 O-O 9. Be3 f5 10. e5 Nd5 11. Qd2 b6 12. Nc3 Nce7 13. Bf2 a6 14. Rac1 Bb7 15. a3 Rc8 16. Rc2 d6 17. Nxd5 Nxd5 18. Rxc8 Qxc8 19. Rc1 Qd7 20. b3 Bh6 21. g3 Rc8 22. Rc2 Ne7 23. Qc1 Bf8 24. Rxc8 Nxc8 25. a4 Bd5 26. Qc3 Qb7 27. Qd3 a5 28. Nd2 Na7 29. Nc4 Be4 30. Qc3 Qc7 31. exd6 Bxd6 32. Bf3 Bd5 33. Qd3 Nc6 34. Qe3 Kf7 35. Bxd5 exd5 36. Ne5+ Nxe5 37. fxe5 Bb4 38. Qg5 Qe7 39. Qxe7+ Kxe7 40. Be3 Bc3 41. Kf2 Ke6 42. h4 h5 43. Kf3 Bb2 44. Kf4 Ba3 45. Kg5 Kf7 46. e6+ Kg7 47. Kf4 Kf6 48. Kf3 Kxe6 49. Kf4 Kf6 50. Kf3 Bb4 51. Bg5+ Ke6 52. Be3 Bc3 53. Bf2 Bb4 54. Be3 Be7 55. Ke2 Bd6 56. Kf3 Kf6 57. Bg5+ Ke6 58. Bd8 Bb4 59. Bxb6 Bc3 60. Bc5 Be1 61. Bb6 Bd2 62. Bc5 Be1 63. Bf8 Bd2 64. Bc5 Be1 65. Ba3 Bc3 66. Bc5 Be1 67. Kg2 Bc3 68. Kf2 Bd2 69. Ke2 Bc3 70. Bf8 Kf6 71. Bc5 Ke6 72. Bb6 Kd6 73. Bc5+ Ke6 74. Ba7 Kd6 75. Kd3 Be1 76. Ke2 Bc3 77. Kd3 Be1 78. Bb8+ Ke6 79. Bf4 Bb4 80. Be3 Kd6 81. Bf2 Ke6 82. Ke3 Bc3 83. Kd3 Bb4 84. Ke2 Bc3 85. Be3 Kd6 86. Kf3 Ke6 87. Kf4 Kf6 88. Kf3 Bb4 1/2-1/2

[Event "FIDE WCC Blitz Women 2019"]
[Site "Moscow"]
[Date "2019.12.29"]
[Round "5.22"]
[White "Nomin-Erdene, Davaademberel"]
[Black "Ovezdurdiyeva, Jemal"]
[Result "1-0"]
[WhiteElo "2298"]
[BlackElo "1877"]
[Annotator "NA"]
[PlyCount "59"]
[EventDate "2019.12.29"]
[EventType "swiss"]
[EventCountry "RUS"]
[SourceTitle "playchess.com"]
[Source "ChessBase"]
[SourceQuality "1"]

1. f4 c5 2. Nf3 Nc6 3. g3 b6 4. Bg2 Bb7 5. e4 e6 6. d3 g6 7. c3 Bg7 8. Be3 Nge7 9. O-O O-O 10. g4 f5 11. gxf5 exf5 12. Nbd2 d5 13. e5 Ba6 14. c4 d4 15. Bf2 Qd7 16. Bh4 Rae8 17. a3 Nd8 18. b4 Ne6 19. Ng5 Nxg5 20. Bxg5 h6 21. Bh4 Bb7 22. Nf3 Nc6 23. Rb1 Nd8 24. bxc5 bxc5 25. Bxd8 Rxd8 26. Qe1 Rfe8 27. Qa5 Bxf3 28. Bxf3 Rc8 29. Rb7 Qd8 30. Qxa7 1-0

[Event "FIDE WCC Blitz Women 2019"]
[Site "Moscow"]
[Date "2019.12.29"]
[Round "5.23"]
[White "Antova, Gabriela"]
[Black "Socko, Monika"]
[Result "0-1"]
[WhiteElo "1965"]
[BlackElo "2286"]
[Annotator "NA"]
[PlyCount "74"]
[EventDate "2019.12.29"]
[EventType "swiss"]
[EventCountry "RUS"]
[SourceTitle "playchess.com"]
[Source "ChessBase"]
[SourceQuality "1"]

1. d4 Nf6 2. c4 e6 3. Nf3 Bb4+ 4. Nbd2 O-O 5. a3 Bxd2+ 6. Qxd2 b6 7. e3 Bb7 8. Be2 d6 9. b4 Nbd7 10. Bb2 Ne4 11. Qc2 f5 12. O-O Qe7 13. Rad1 Rae8 14. d5 e5 15. Nd2 Nxd2 16. Rxd2 Bc8 17. f3 Nf6 18. Rc1 Nh5 19. c5 Qg5 20. Qb3 Bd7 21. cxd6 cxd6 22. Rc7 Ba4 23. Qc3 Re7 24. Rxe7 Qxe7 25. b5 Qg5 26. f4 exf4 27. Bxh5 fxe3 28. Re2 f4 29. Bf3 Bd1 30. h4 Qg3 31. Rxe3 fxe3 32. Bxd1 Qf2+ 33. Kh2 Qxh4+ 34. Kg1 Qg5 35. Be2 h5 36. Bc1 Rf2 37. Bxe3 Qxg2# 0-1

[Event "FIDE WCC Blitz Women 2019"]
[Site "Moscow"]
[Date "2019.12.29"]
[Round "5.24"]
[White "Doluhanova, Evgeniya"]
[Black "Kulon, Klaudia"]
[Result "1/2-1/2"]
[WhiteElo "2222"]
[BlackElo "2457"]
[Annotator "ChessBase"]
[PlyCount "111"]
[EventDate "2019.12.29"]
[EventType "swiss"]
[EventCountry "RUS"]
[SourceTitle "playchess.com"]
[Source "ChessBase"]
[SourceQuality "1"]

1. Nf3 Nf6 2. b3 g6 3. Bb2 Bg7 4. c4 c5 5. Nc3 d6 6. e3 e5 7. Be2 Nc6 8. O-O O-O 9. d4 cxd4 10. exd4 e4 11. Ne1 Re8 12. Nc2 d5 13. Rc1 h6 14. cxd5 Nxd5 15. Nxd5 Qxd5 16. Ne3 Qd8 17. Bb5 Bd7 18. Qd2 Nxd4 19. Bxd7 Qxd7 20. Rfd1 Rad8 21. Bxd4 Qxd4 22. Qa5 Qf6 23. Qxa7 Qb2 24. Qxb7 f5 25. g3 Qxa2 26. Rxd8 Rxd8 27. Rc7 Qb2 28. Rc8 Rxc8 29. Qxc8+ Kh7 30. Qe6 h5 31. h4 Bd4 32. Qf7+ Bg7 33. Nd5 Qe5 34. Nf4 Qf6 35. Qxf6 Bxf6 36. b4 g5 37. hxg5 Bxg5 38. b5 h4 39. b6 Bd8 40. b7 Bc7 41. Ne6 Bd6 42. gxh4 Kg6 43. Nd4 f4 44. Kf1 Kh5 45. Ne6 Kxh4 46. Ng7 Kg4 47. Ne8 Bb8 48. Nf6+ Kf3 49. Nd5 e3 50. fxe3 fxe3 51. Nc3 Bc7 52. Ne2 Bb8 53. Ng1+ Ke4 54. Ke2 Kd5 55. Nf3 Kc6 56. Kxe3 1/2-1/2

[Event "FIDE WCC Blitz Women 2019"]
[Site "Moscow"]
[Date "2019.12.29"]
[Round "5.25"]
[White "Stefanova, Antoaneta"]
[Black "Dordzhieva, Dinara"]
[Result "1-0"]
[WhiteElo "2452"]
[BlackElo "2222"]
[Annotator "ChessBase"]
[PlyCount "159"]
[EventDate "2019.12.29"]
[EventType "swiss"]
[EventCountry "RUS"]
[SourceTitle "playchess.com"]
[Source "ChessBase"]
[SourceQuality "1"]

1. d4 Nf6 2. Nf3 d5 3. Bf4 c5 4. e3 e6 5. Nbd2 Bd6 6. Bg3 O-O 7. c3 Qc7 8. Ne5 Nfd7 9. f4 f6 10. Nxd7 Nxd7 11. Nf3 cxd4 12. cxd4 Qa5+ 13. Kf2 Nb6 14. Bd3 Bd7 15. Qe2 Rac8 16. Rhd1 a6 17. Kg1 Bb5 18. Bxb5 Qxb5 19. Qxb5 axb5 20. Rd3 Rc2 21. Rb3 b4 22. Ne1 Rc4 23. Nd3 Rfc8 24. Be1 Na4 25. Bxb4 Bxb4 26. Nxb4 b6 27. Kf2 Kf7 28. Ke2 Ke7 29. Rd1 Kd6 30. Nd3 R8c6 31. g4 Rc2+ 32. Rd2 R2c4 33. Kf3 Rc8 34. Ra3 b5 35. h4 Nb6 36. Ra7 R8c7 37. Rxc7 Rxc7 38. Ke2 Nc4 39. Rd1 Ra7 40. a3 Rc7 41. Rc1 Ra7 42. Rc3 Rb7 43. Nc5 Rb6 44. Rb3 Na5 45. Rc3 Nc4 46. Rc2 Rb8 47. Kd3 h6 48. Rg2 b4 49. axb4 Rxb4 50. b3 Na5 51. Kc3 Rb8 52. g5 hxg5 53. hxg5 Rh8 54. gxf6 gxf6 55. Rg6 Rh3 56. Kd3 Ke7 57. Rg7+ Kd6 58. Rd7+ Kc6 59. Rf7 f5 60. Nxe6 Nxb3 61. Rxf5 Nc1+ 62. Kc2 Rxe3 63. Nd8+ Kd7 64. Kxc1 Kxd8 65. Rxd5+ Kc7 66. Kd2 Re4 67. f5 Kc6 68. Rc5+ Kd6 69. Kd3 Rf4 70. Ke3 Rf1 71. Ra5 Kd7 72. Ke4 Kd6 73. Ra6+ Ke7 74. Ke5 Re1+ 75. Kd5 Rf1 76. Re6+ Kd7 77. Ke5 Re1+ 78. Kf6 Rd1 79. Re4 Rf1 80. Kg6 1-0

[Event "FIDE WCC Blitz Women 2019"]
[Site "Moscow"]
[Date "2019.12.29"]
[Round "5.26"]
[White "Kovanova, Baira"]
[Black "Ushenina, Anna"]
[Result "0-1"]
[WhiteElo "2218"]
[BlackElo "2424"]
[Annotator "NA"]
[PlyCount "74"]
[EventDate "2019.12.29"]
[EventType "swiss"]
[EventCountry "RUS"]
[SourceTitle "playchess.com"]
[Source "ChessBase"]
[SourceQuality "1"]

1. e4 c5 2. Nf3 a6 3. g3 b5 4. Bg2 Bb7 5. d3 e6 6. O-O Nf6 7. Qe2 Be7 8. Re1 Nc6 9. Nbd2 d5 10. e5 Nd7 11. c4 Nb6 12. cxd5 Nxd5 13. Ne4 h6 14. Bd2 Qb6 15. Rec1 Rd8 16. a3 O-O 17. Rc2 Nb8 18. Rac1 Nd7 19. Qe1 b4 20. axb4 Nxb4 21. Bxb4 cxb4 22. d4 Bd5 23. Qe2 a5 24. Nfd2 Qxd4 25. Rc7 Qxe5 26. Qb5 Bxe4 27. Qxe5 Nxe5 28. Nxe4 Nd3 29. Ra1 Bf6 30. Nxf6+ gxf6 31. Rxa5 Nxb2 32. Rb5 Rd1+ 33. Bf1 Ra8 34. Rxb4 Nd3 35. Rd4 Raa1 36. Kg2 Ne1+ 37. Kh3 Rxd4 0-1

[Event "FIDE WCC Blitz Women 2019"]
[Site "Moscow"]
[Date "2019.12.29"]
[Round "5.27"]
[White "Solozhenkina, Elizaveta"]
[Black "Zatonskih, Anna"]
[Result "0-1"]
[WhiteElo "2214"]
[BlackElo "2374"]
[Annotator "NA"]
[PlyCount "90"]
[EventDate "2019.12.29"]
[EventType "swiss"]
[EventCountry "RUS"]
[SourceTitle "playchess.com"]
[Source "ChessBase"]
[SourceQuality "1"]

1. e4 d5 2. exd5 Qxd5 3. Nc3 Qd6 4. d4 c6 5. Nf3 Bg4 6. Be3 Nf6 7. h3 Bh5 8. Be2 e6 9. Ne5 Bxe2 10. Qxe2 Nbd7 11. Bf4 Qxd4 12. Bh2 Be7 13. Rd1 Qb4 14. Nc4 Nb6 15. Nd6+ Bxd6 16. Bxd6 Qxb2 17. Qf3 Nbd5 18. Ne4 Nxe4 19. Qxe4 O-O-O 20. Be5 Qb4+ 21. Qxb4 Nxb4 22. O-O f6 23. Bc3 Nxc2 24. Rc1 Nd4 25. Kh1 Ne2 26. Rc2 Nxc3 27. Rxc3 e5 28. Rb1 Rd7 29. a4 Rhd8 30. a5 Rd1+ 31. Rxd1 Rxd1+ 32. Kh2 Kc7 33. Rg3 g6 34. Rf3 f5 35. Re3 e4 36. f3 exf3 37. gxf3 Rd5 38. Re7+ Rd7 39. Re3 b5 40. Kg3 Kb7 41. Kf4 Ka6 42. Ra3 b4 43. Ra1 Kb5 44. Ke5 c5 45. a6 b3 0-1

[Event "FIDE WCC Blitz Women 2019"]
[Site "Moscow"]
[Date "2019.12.29"]
[Round "5.28"]
[White "Badelka, Olga"]
[Black "Buksa, Nataliya"]
[Result "0-1"]
[WhiteElo "2186"]
[BlackElo "2356"]
[Annotator "NA"]
[PlyCount "86"]
[EventDate "2019.12.29"]
[EventType "swiss"]
[EventCountry "RUS"]
[SourceTitle "playchess.com"]
[Source "ChessBase"]
[SourceQuality "1"]

1. c4 e6 2. g3 Nf6 3. Bg2 d5 4. Nf3 Be7 5. b3 O-O 6. Bb2 c5 7. cxd5 exd5 8. d4 Nc6 9. O-O Bf5 10. Nc3 Rc8 11. dxc5 Bxc5 12. Rc1 Qe7 13. Nxd5 Nxd5 14. Qxd5 Qxe2 15. Qxf5 Qxb2 16. Qxc5 Qxa2 17. b4 Qb2 18. Rb1 Qf6 19. Qg5 Qe6 20. Rfe1 Qa2 21. Nh4 h6 22. Qd5 Qa4 23. Nf5 Rcd8 24. Qb3 Qb5 25. Ne7+ Nxe7 26. Rxe7 Rd3 27. Qc2 Rfd8 28. Bf1 Qg5 29. Bxd3 Qxe7 30. b5 Qd6 31. Be4 b6 32. Ra1 Qe7 33. Bg2 g6 34. h4 h5 35. Qa2 Rd7 36. Bc6 Rd3 37. Qxa7 Qe5 38. Kg2 Rd2 39. Ra3 Kg7 40. Rf3 Qe6 41. Qc7 Rd1 42. Qxb6 Qc4 43. Qe3 Qf1+ 0-1

[Event "FIDE WCC Blitz Women 2019"]
[Site "Moscow"]
[Date "2019.12.29"]
[Round "5.29"]
[White "Guichard, Pauline"]
[Black "Paramzina, Anastasya"]
[Result "1-0"]
[WhiteElo "2335"]
[BlackElo "2203"]
[Annotator "NA"]
[PlyCount "65"]
[EventDate "2019.12.29"]
[EventType "swiss"]
[EventCountry "RUS"]
[SourceTitle "playchess.com"]
[Source "ChessBase"]
[SourceQuality "1"]

1. c4 Nf6 2. Nf3 g6 3. b4 Bg7 4. Bb2 c6 5. g3 d5 6. cxd5 cxd5 7. Bg2 O-O 8. O-O a5 9. b5 Nbd7 10. Na3 Re8 11. Rc1 e5 12. Qc2 d4 13. e3 d3 14. Qb1 e4 15. Nd4 Ne5 16. Nc4 Bg4 17. Nxe5 Rxe5 18. Nc6 bxc6 19. Bxe5 cxb5 20. Qxb5 Bf3 21. Qc6 Bxg2 22. Kxg2 Nd5 23. Bxg7 Kxg7 24. Rc4 Ra7 25. Rxe4 Rc7 26. Qb5 Qa8 27. f3 Rc2 28. Rf2 Nb4 29. Re8 Qa7 30. Qe5+ Kh6 31. Rg8 Rc5 32. Qf4+ Kh5 33. Qh4# 1-0

[Event "FIDE WCC Blitz Women 2019"]
[Site "Moscow"]
[Date "2019.12.29"]
[Round "5.30"]
[White "Heinemann, Josefine"]
[Black "Khomeriki, Nino"]
[Result "1/2-1/2"]
[WhiteElo "2325"]
[BlackElo "2177"]
[Annotator "NA"]
[PlyCount "107"]
[EventDate "2019.12.29"]
[EventType "swiss"]
[EventCountry "RUS"]
[SourceTitle "playchess.com"]
[Source "ChessBase"]
[SourceQuality "1"]

1. e4 e5 2. Nf3 Nc6 3. Bb5 a6 4. Ba4 Nf6 5. O-O Be7 6. Re1 b5 7. Bb3 d6 8. c3 O-O 9. h3 Bb7 10. d4 Re8 11. Nbd2 Bf8 12. Bc2 h6 13. a4 exd4 14. cxd4 Nb4 15. Bb1 c5 16. d5 g6 17. Nf1 Bg7 18. Ng3 Nd7 19. axb5 axb5 20. Rxa8 Qxa8 21. Bf4 Bxb2 22. Bxd6 Qa4 23. Qd2 Bg7 24. Rc1 Na6 25. e5 Qb4 26. Qxb4 Nxb4 27. e6 fxe6 28. Bxg6 Rc8 29. dxe6 Nf6 30. Rxc5 Rxc5 31. Bxc5 Na6 32. Bf7+ Kh7 33. Bd4 Nc7 34. e7 Bd5 35. Bxd5 Nfxd5 36. Bxg7 Kxg7 37. Nf5+ Kg6 38. N3d4 b4 39. h4 h5 40. f3 b3 41. Nxb3 Kxf5 42. Nd4+ Kf6 43. Nc6 Nxe7 44. Nxe7 Kxe7 45. g4 hxg4 46. fxg4 Kf6 47. Kf2 Ne6 48. Kg3 Kg6 49. Kf3 Kf6 50. Ke4 Ng7 51. g5+ Kg6 52. Kf4 Ne6+ 53. Kg4 Ng7 54. Kf4 1/2-1/2

[Event "FIDE WCC Blitz Women 2019"]
[Site "Moscow"]
[Date "2019.12.29"]
[Round "5.31"]
[White "Bivol, Alina"]
[Black "Mammadzada, Gunay"]
[Result "0-1"]
[WhiteElo "2186"]
[BlackElo "2314"]
[Annotator "NA"]
[PlyCount "73"]
[EventDate "2019.12.29"]
[EventType "swiss"]
[EventCountry "RUS"]
[SourceTitle "playchess.com"]
[Source "ChessBase"]
[SourceQuality "1"]

1. c4 c5 2. g3 g6 3. Bg2 Bg7 4. Nf3 Nc6 5. Nc3 d6 6. O-O e6 7. e3 Nge7 8. d4 O-O 9. b3 cxd4 10. exd4 d5 11. cxd5 exd5 12. Bb2 Bg4 13. Ne2 Qd7 14. Ne5 Nxe5 15. dxe5 Rad8 16. Qd2 Nc6 17. f4 Rfe8 18. Nd4 Bh3 19. Rac1 Bxg2 20. Kxg2 Rc8 21. a4 a6 22. Nxc6 bxc6 23. Bd4 Bf8 24. f5 c5 25. Bb2 d4 26. fxg6 hxg6 27. Qf4 Qd5+ 28. Rf3 Bg7 29. b4 Bxe5 30. Qg4 c4 31. Rcf1 c3 32. Bc1 Bg7 33. Kg1 Rc7 34. h4 d3 35. Bf4 Rce7 36. Bg5 Re2 37. Bf6 0-1

[Event "FIDE WCC Blitz Women 2019"]
[Site "Moscow"]
[Date "2019.12.29"]
[Round "5.32"]
[White "Fominykh, Maria"]
[Black "Shuvalova, Polina"]
[Result "0-1"]
[WhiteElo "2055"]
[BlackElo "2302"]
[Annotator "NA"]
[PlyCount "102"]
[EventDate "2019.12.29"]
[EventType "swiss"]
[EventCountry "RUS"]
[SourceTitle "playchess.com"]
[Source "ChessBase"]
[SourceQuality "1"]

1. Nf3 Nf6 2. g3 d5 3. b3 e6 4. Bb2 Be7 5. c4 c5 6. cxd5 exd5 7. d4 O-O 8. Bg2 Nc6 9. O-O Be6 10. dxc5 Bxc5 11. e3 Rc8 12. Nd4 Re8 13. h3 a6 14. Na3 Nxd4 15. exd4 Bd6 16. Nc2 Qd7 17. Kh2 Ne4 18. Ne3 f6 19. f4 f5 20. Rc1 Rxc1 21. Qxc1 Rc8 22. Qd1 Qb5 23. Bxe4 fxe4 24. Qd2 Qd7 25. f5 Bf7 26. Kg2 Qe7 27. f6 Qc7 28. Nf5 Qc2 29. Rf2 Qxd2 30. Rxd2 Bb4 31. Rf2 gxf6 32. Nh6+ Kg7 33. Nf5+ Kf8 34. a3 Be7 35. h4 Bh5 36. Ne3 Bf3+ 37. Kh3 Kf7 38. Nxd5 Bd6 39. Ne3 Rg8 40. Nf5 Bg4+ 41. Kg2 Bxf5 42. Rxf5 Rxg3+ 43. Kf2 Rxb3 44. Bc1 Rc3 45. Bd2 Rxa3 46. Rd5 Ke6 47. Rh5 Ra2 48. Ke1 Bg3+ 49. Kd1 h6 50. Rxh6 Rxd2+ 51. Kxd2 Bf4+ 0-1

[Event "FIDE WCC Blitz Women 2019"]
[Site "Moscow"]
[Date "2019.12.29"]
[Round "5.33"]
[White "Garifullina, Leya"]
[Black "Goltseva, Ekaterina"]
[Result "1/2-1/2"]
[WhiteElo "2267"]
[BlackElo "2143"]
[Annotator "NA"]
[PlyCount "149"]
[EventDate "2019.12.29"]
[EventType "swiss"]
[EventCountry "RUS"]
[SourceTitle "playchess.com"]
[Source "ChessBase"]
[SourceQuality "1"]

1. e4 e5 2. Nf3 Nc6 3. Bb5 a6 4. Ba4 Nf6 5. O-O Be7 6. Re1 b5 7. Bb3 d6 8. c3 O-O 9. h3 Nd7 10. d4 Bf6 11. Be3 Na5 12. Bc2 Nc4 13. Bc1 c5 14. b3 Ncb6 15. Be3 exd4 16. cxd4 cxd4 17. Bxd4 Bb7 18. Bxf6 Qxf6 19. Nbd2 Rfd8 20. Nf1 Ne5 21. Nxe5 dxe5 22. Qe2 Nd7 23. b4 Nb6 24. Ng3 g6 25. Bb3 Rd4 26. a3 Nc4 27. Bxc4 Rxc4 28. Rac1 Rac8 29. Rxc4 Rxc4 30. Qd3 Kg7 31. Rd1 Qf4 32. Re1 Rd4 33. Qc2 Rd2 34. Qc5 Ra2 35. Qe3 Qf6 36. Rc1 Bc6 37. Rd1 h5 38. Nf1 Bb7 39. Nh2 Rc2 40. Nf3 Qc6 41. Nxe5 Qxe4 42. Qxe4 Bxe4 43. Rd7 Kf6 44. Nxf7 Rc1+ 45. Kh2 Rc2 46. Nd6 Bc6 47. Rc7 Ke6 48. Nc8 Be4 49. Ra7 Rxc8 50. Rxa6+ Kf5 51. Rb6 Bd3 52. Ra6 Rc3 53. a4 Ra3 54. axb5 Rxa6 55. bxa6 Bxa6 56. f3 Bc4 57. Kg3 Kg5 58. h4+ Kf5 59. Kf2 Kf4 60. g3+ Kf5 61. Ke3 Ke5 62. Kf2 Bb5 63. Ke3 Ba6 64. Kf2 Kd4 65. g4 Bc8 66. Kg3 Ke3 67. b5 Bb7 68. f4 Ke4 69. b6 Bc8 70. f5 gxf5 71. gxh5 f4+ 72. Kf2 Kf5 73. h6 Kg6 74. Kf3 Kxh6 75. Kxf4 1/2-1/2

[Event "FIDE WCC Blitz Women 2019"]
[Site "Moscow"]
[Date "2019.12.29"]
[Round "5.34"]
[White "Semenova, Elena"]
[Black "Batsiashvili, Nino"]
[Result "0-1"]
[WhiteElo "2114"]
[BlackElo "2259"]
[Annotator "NA"]
[PlyCount "80"]
[EventDate "2019.12.29"]
[EventType "swiss"]
[EventCountry "RUS"]
[SourceTitle "playchess.com"]
[Source "ChessBase"]
[SourceQuality "1"]

1. e4 e5 2. Nf3 Nc6 3. Bc4 Bc5 4. O-O Nf6 5. d3 a6 6. h3 d6 7. c3 Ba7 8. Re1 h6 9. d4 O-O 10. a4 exd4 11. cxd4 d5 12. exd5 Nxd5 13. Nc3 Nce7 14. Qb3 c6 15. Nxd5 cxd5 16. Bd3 Bf5 17. Qxb7 Bxd3 18. Qxe7 Qb6 19. Be3 Qxb2 20. Qe5 Be4 21. Nd2 Rae8 22. Qg3 Bxd4 23. Nxe4 Rxe4 24. Bxd4 Qxd4 25. Red1 Qf6 26. Ra3 d4 27. Qd3 Rfe8 28. Qf3 Re1+ 29. Kh2 Rxd1 30. Qxd1 Qd6+ 31. Rg3 Rd8 32. Qd3 h5 33. h4 Qf4 34. Kh3 Qxf2 35. Rg5 Qe3+ 36. Qxe3 dxe3 37. Re5 Rd3 38. Kh2 Rd4 39. Rxe3 Rxh4+ 40. Kg3 Rxa4 0-1

[Event "FIDE WCC Blitz Women 2019"]
[Site "Moscow"]
[Date "2019.12.29"]
[Round "5.35"]
[White "Potapova, Margarita"]
[Black "Yakimova, Mariya"]
[Result "1/2-1/2"]
[WhiteElo "2259"]
[BlackElo "2128"]
[Annotator "NA"]
[PlyCount "59"]
[EventDate "2019.12.29"]
[EventType "swiss"]
[EventCountry "RUS"]
[SourceTitle "playchess.com"]
[Source "ChessBase"]
[SourceQuality "1"]

1. d4 f5 2. e4 fxe4 3. Nc3 Nf6 4. Bg5 Nc6 5. d5 Ne5 6. Qd4 Nf7 7. h4 h6 8. Bxf6 exf6 9. O-O-O Be7 10. Qxe4 d6 11. Nf3 O-O 12. Nd4 Ne5 13. f4 f5 14. Qe1 Ng4 15. Bd3 Bf6 16. Ne6 Bxc3 17. bxc3 Bxe6 18. Qxe6+ Kh8 19. Rd2 Qf6 20. Qxf6 Rxf6 21. Re1 Raf8 22. Rde2 g6 23. Re7 R6f7 24. R7e6 Kg7 25. c4 Nf6 26. Kb2 Nh5 27. Rf1 Rf6 28. Re7+ R6f7 29. Re6 Rf6 30. Re7+ 1/2-1/2

[Event "FIDE WCC Blitz Women 2019"]
[Site "Moscow"]
[Date "2019.12.29"]
[Round "5.36"]
[White "Bykova, Anastasia"]
[Black "Guseva, Marina"]
[Result "0-1"]
[WhiteElo "2107"]
[BlackElo "2245"]
[Annotator "NA"]
[PlyCount "74"]
[EventDate "2019.12.29"]
[EventType "swiss"]
[EventCountry "RUS"]
[SourceTitle "playchess.com"]
[Source "ChessBase"]
[SourceQuality "1"]

1. d4 Nf6 2. c4 e6 3. Nf3 b6 4. g3 Ba6 5. b3 Bb4+ 6. Bd2 Be7 7. Bg2 c6 8. Bc3 Ne4 9. Qd3 d5 10. Nbd2 Nxc3 11. Qxc3 O-O 12. e4 dxc4 13. bxc4 c5 14. dxc5 Bxc5 15. O-O Nc6 16. e5 Rc8 17. Rad1 Nd4 18. Nxd4 Qxd4 19. Qxd4 Bxd4 20. Nf3 Bc5 21. Rd7 Bxc4 22. Rfd1 a5 23. Ng5 h6 24. Nh3 Bxa2 25. Nf4 Bb3 26. Rb1 a4 27. Nd3 Rfd8 28. Rxd8+ Rxd8 29. Nxc5 bxc5 30. Bf3 c4 31. Kf1 Rd2 32. Ke1 Ra2 33. Rc1 Rb2 34. Ra1 c3 35. Be4 c2 36. f4 a3 37. Kd2 a2 0-1

[Event "FIDE WCC Blitz Women 2019"]
[Site "Moscow"]
[Date "2019.12.29"]
[Round "5.37"]
[White "Druzhinina, Olga"]
[Black "Mikhaylova, Irina"]
[Result "1-0"]
[WhiteElo "2245"]
[BlackElo "2090"]
[Annotator "NA"]
[PlyCount "135"]
[EventDate "2019.12.29"]
[EventType "swiss"]
[EventCountry "RUS"]
[SourceTitle "playchess.com"]
[Source "ChessBase"]
[SourceQuality "1"]

1. d4 Nf6 2. c4 g6 3. Nf3 Bg7 4. g3 O-O 5. Bg2 c6 6. Nc3 d5 7. cxd5 cxd5 8. Ne5 e6 9. O-O Nfd7 10. f4 Nc6 11. e3 Ndxe5 12. fxe5 f6 13. exf6 Rxf6 14. Bd2 Rxf1+ 15. Qxf1 Bd7 16. Qf4 Qb8 17. Qg5 Qd8 18. Qf4 Qb8 19. Qf2 Qf8 20. Bh3 Qxf2+ 21. Kxf2 Rd8 22. Rf1 e5 23. Bxd7 Rxd7 24. dxe5 Bxe5 25. Kg2 d4 26. exd4 Rxd4 27. Be3 Rd3 28. Nd1 Bxb2 29. Bh6 Bg7 30. Bg5 h6 31. Bf4 g5 32. Bc7 Be5 33. Bxe5 Nxe5 34. Re1 Nc4 35. Nf2 Rd2 36. Re7 Rxa2 37. Rxb7 a5 38. Kf3 Ne5+ 39. Ke3 a4 40. Ne4 a3 41. Nf6+ Kf8 42. Nh7+ Ke8 43. Nf6+ Kd8 44. Ke4 Nc6 45. Kd5 Ne7+ 46. Ke6 Re2+ 47. Kf7 a2 48. Ra7 Nc6 49. Ra3 Kc7 50. Nd5+ Kd7 51. Nc3 Rxh2 52. Nxa2 Rh3 53. Kg6 Ne5+ 54. Kf5 Nc4 55. Rd3+ Ke7 56. Nc3 Rh1 57. Nd5+ Kf7 58. Rc3 Nd6+ 59. Ke5 Ne8 60. g4 Rf1 61. Rc6 Re1+ 62. Kd4 Re6 63. Rc2 Nf6 64. Rc7+ Kg6 65. Ne7+ Kf7 66. Nf5+ Ke8 67. Ng7+ Kd8 68. Nxe6+ 1-0

[Event "FIDE WCC Blitz Women 2019"]
[Site "Moscow"]
[Date "2019.12.29"]
[Round "5.38"]
[White "Antonova, Nadezhda"]
[Black "Gevorgyan, Maria"]
[Result "0-1"]
[WhiteElo "1914"]
[BlackElo "2244"]
[Annotator "NA"]
[PlyCount "48"]
[EventDate "2019.12.29"]
[EventType "swiss"]
[EventCountry "RUS"]
[SourceTitle "playchess.com"]
[Source "ChessBase"]
[SourceQuality "1"]

1. d4 d5 2. Nf3 Nf6 3. e3 c5 4. c3 Nc6 5. dxc5 a5 6. a3 a4 7. Bb5 Qa5 8. Bxc6+ bxc6 9. O-O Qxc5 10. Nbd2 Bg4 11. h3 Bh5 12. Re1 e6 13. e4 Be7 14. exd5 cxd5 15. Nf1 Qb6 16. Ng3 Bg6 17. Ne5 Bd6 18. Nxg6 hxg6 19. Ne2 Ne4 20. Rf1 Bc5 21. Nd4 e5 22. Nf3 Nxf2 23. Qe2 Nxh3+ 24. Kh2 Nf4+ 0-1

[Event "FIDE WCC Blitz Women 2019"]
[Site "Moscow"]
[Date "2019.12.29"]
[Round "5.39"]
[White "Osmak, Iulija"]
[Black "Borisova, Ekaterina"]
[Result "1/2-1/2"]
[WhiteElo "2242"]
[BlackElo "2029"]
[Annotator "NA"]
[PlyCount "243"]
[EventDate "2019.12.29"]
[EventType "swiss"]
[EventCountry "RUS"]
[SourceTitle "playchess.com"]
[Source "ChessBase"]
[SourceQuality "1"]

1. d4 Nf6 2. Bf4 e6 3. e3 c5 4. c3 Nc6 5. Nd2 d5 6. Ngf3 Bd6 7. Bg3 O-O 8. Bd3 b6 9. e4 dxe4 10. Nxe4 Nxe4 11. Bxe4 Bb7 12. dxc5 Bxc5 13. Qa4 Rc8 14. O-O Qe7 15. Rad1 Rfd8 16. Bh4 f6 17. Qc2 g6 18. Qc1 Kg7 19. Qf4 Bd6 20. Qc1 Ne5 21. Bxb7 Qxb7 22. Nd4 Qf7 23. Rfe1 Bc5 24. Qf4 h6 25. Bxf6+ Qxf6 26. Qxe5 Qxe5 27. Rxe5 Bxd4 28. cxd4 Rxd4 29. Rde1 Rc6 30. g3 Kf6 31. R5e2 g5 32. h3 a6 33. Kg2 b5 34. a3 Rdc4 35. Re3 Rc2 36. Rf3+ Kg6 37. b4 R2c3 38. Rxe6+ Rxe6 39. Rxc3 Kg7 40. Kf3 Kf6 41. Re3 Rc6 42. Ke4 Rc2 43. Kf3 Ra2 44. Rc3 Kg7 45. Rc7+ Kg8 46. Rc3 Kg7 47. Ke3 Kh7 48. g4 Kg7 49. f4 Rh2 50. Ke4 gxf4 51. Kxf4 Rf2+ 52. Ke5 Rd2 53. Rc7+ Kg8 54. Rc6 Rd3 55. Rxa6 Rxh3 56. Ra5 Kg7 57. Kd5 Rg3 58. Kc5 Rxg4 59. Rxb5 h5 60. Kc6 Kg6 61. Rb8 h4 62. b5 Ra4 63. Rh8 Kg5 64. Rg8+ Kf5 65. Rf8+ Kg4 66. Rg8+ Kf3 67. Rf8+ Kg3 68. Rg8+ Kf3 69. Rh8 Kg3 70. b6 Rxa3 71. Rg8+ Kf3 72. Rf8+ Kg3 73. Rg8+ Kf3 74. Rg5 Rc3+ 75. Rc5 Re3 76. b7 Re8 77. Kc7 h3 78. Rf5+ Kg2 79. Rg5+ Kf2 80. Rf5+ Kg2 81. Re5 Rh8 82. Rg5+ Kf2 83. Rh5 Rxh5 84. b8=Q h2 85. Qb2+ Kg3 86. Qc3+ Kg2 87. Qd2+ Kg3 88. Qe3+ Kg4 89. Qe2+ Kg5 90. Qg2+ Kf4 91. Qh1 Kg3 92. Kd6 Rf5 93. Ke6 Rf2 94. Qe1 Kg2 95. Qe4+ Kg1 96. Qe1+ Kg2 97. Qe4+ Rf3 98. Qg4+ Rg3 99. Qe2+ Kg1 100. Qe1+ Kg2 101. Qe4+ Rf3 102. Qe2+ Rf2 103. Qg4+ Kf1 104. Qd1+ Kg2 105. Qg4+ Kf1 106. Qh3+ Kg1 107. Qg3+ Kf1 108. Qh3+ Kg1 109. Qg3+ Kf1 110. Qh4 Kg2 111. Qe4+ Rf3 112. Qg4+ Rg3 113. Qe2+ Kg1 114. Qe1+ Kg2 115. Qe2+ Kg1 116. Qe1+ Kg2 117. Qe4+ Kg1 118. Qe1+ Kg2 119. Qe2+ Kg1 120. Qe1+ Kg2 121. Qe4+ Kg1 122. Qe1+ 1/2-1/2